Chelsea FC 2018-2019 Squad - Statistics

General Stats
  • This quiz has been taken 1,134 times
    996 since last reset
  • The average score is 21 of 28
Answer Stats
Position Kit Number Nationality Answer % Correct
GK #1 Spain Kepa Arrizabalaga
97%
DEF #2 Germany Antonio Rudiger
94%
FOR #10 Belgium Eden Hazard
92%
MID #7 France N'Golo Kante
91%
DEF #28 Spain Cesar Azpilicueta
88%
MID #5 Italy Jorginho
88%
GK #13 Argentina Willy Caballero
88%
DEF #3 Spain Marcos Alonso
86%
MID #17 Croatia Mateo Kovacic
85%
FOR #22 Brazil Willian
85%
DEF #27 Denmark Andreas Christensen
83%
Manager N/A Italy Maurizio Sarri
83%
FOR #11 Spain Pedro
80%
DEF #30 Brazil David Luiz
79%
DEF #33 Italy Emerson
78%
FOR #18 France Olivier Giroud
78%
FOR #9 Argentina Gonzalo Higuain
75%
MID #4 Spain Cesc Fabregas
74%
DEF #24 England Gary Cahill
72%
MID #8 England Ross Barkley
65%
DEF #21 Italy Davide Zappacosta
64%
MID #12 England Ruben Loftus-Cheek
63%
FOR #20 England Callum Hudson-Odoi
60%
DEF #44 Wales Ethan Ampadu
59%
MID #6 England Daniel Drinkwater
55%
MID #14 France Tiemoue Bakayoko
44%
GK #31 England Robert Green
35%
GK #59 Poland Marcin Bulka
28%
No matching quizzes found
Score Distribution
Percent of People with Each Score
Percentile by Number Answered
Your Score History
You have not taken this quiz since the last reset